El tesoro de Tibabuyes (Record no. 107220)

MARC details
000 -LEADER
campo de control de longitud fija 01882nac a2200337 a 4500
003 - IDENTIFICADOR DE NÚMERO DE CONTROL
campo de control CO-PeBPM
005 - FECHA Y HORA DE LA ÚLTIMA TRANSACCIÓN
campo de control 20260315203523.0
007 - CAMPO FIJO DE DESCRIPCIÓN FÍSICA--INFORMACIÓN GENERAL
campo de control de longitud fija ta
008 - DATOS DE LONGITUD FIJA--INFORMACIÓN GENERAL
campo de control de longitud fija 260315s2013 ck a|||| |||| 00| 0 spa d
020 ## - NÚMERO INTERNACIONAL ESTÁNDAR DEL LIBRO
Número Internacional Estándar del Libro 9789583008504
040 ## - FUENTE DE CATALOGACIÓN
Centro catalogador/agencia de origen CO-PeBPM
Lengua de catalogación spa
Centro/agencia transcriptor CO-PeBPM
Normas de descripción rda
041 ## - CÓDIGO DE IDIOMA
Código de lengua del texto/banda sonora o título independiente spa
082 04 - NÚMERO DE LA CLASIFICACIÓN DECIMAL DEWEY
Número de clasificación 398.2098 B494t
Número de edición 22
100 1# - ENTRADA PRINCIPAL--NOMBRE DE PERSONA
Nombre de persona Bergdolt de Walschburger, Ute Elisabeth
Término indicativo de función/relación autor
245 10 - MENCIÓN DEL TÍTULO
Título El tesoro de Tibabuyes
Resto del título : Y otros mitos y leyendas de nuestra América
Mención de responsabilidad, etc. / Ute Bergdolt de Walschburger ; ilustraciones Boris Greiff; edición Gabriel Silva Rincón
250 ## - MENCION DE EDICION
Mención de edición Quinta reimpresión
264 ## - PRODUCCIÓN, PUBLICACIÓN, DISTRIBUCIÓN, FABRICACIÓN Y COPYRIGHT
Producción, publicación, distribución, fabricación y copyright Bogotá, Colombia
Nombre del de productor, editor, distribuidor, fabricante : Panamericana Editorial
Fecha de producción, publicación, distribución, fabricación o copyright , 2013
300 ## - DESCRIPCIÓN FÍSICA
Extensión 126 páginas
Otras características físicas ilustraciones en blanco y negro
Dimensiones 21 centimetros
336 ## - TIPO DE CONTENIDO
Fuente rdacontent
Término de tipo de contenido texto
Código de tipo de contenido txt
337 ## - TIPO DE MEDIO
Fuente rdamedia
Nombre/término del tipo de medio sin mediación
Código del tipo de medio n
338 ## - TIPO DE SOPORTE
Fuente rdacarrier
Nombre/término del tipo de soporte volumen
Código del tipo de soporte nc
490 ## - MENCIÓN DE SERIE
Mención de serie Colección Letras Latinoamericanas
500 ## - NOTA GENERAL
Nota general Incluye índice
520 ## - RESUMEN, ETC.
Sumario, etc. Esta obra recrea leyendas de muchas clases y de épocas muy variadas: desde las que abordan la cosmología, la influencia en los dioses, la formación del mundo y del hombre, tal como las contaban los nativos americanos antes de la conquista, hasta las que describen situaciones más recientes y que gracias a la narración se convirtieron en tradición. Tanto las unas como las otras son reflejo fiel de la sorprendente capacidad de nuestros pueblos para imaginar, para afirmarse y para proyectarse, y que a pesar de que durante siglos han venido trasmitiéndose de generación en generación, muchas están en proceso de desaparecer...tomado de la contracubierta del libro
650 17 - PUNTO DE ACCESO ADICIONAL DE MATERIA--TÉRMINO DE MATERIA
Término de materia o nombre geográfico como elemento de entrada Leyendas latinoamericanas
Fuente del encabezamiento o término LEMB
650 17 - PUNTO DE ACCESO ADICIONAL DE MATERIA--TÉRMINO DE MATERIA
Término de materia o nombre geográfico como elemento de entrada Leyendas indígenas
Fuente del encabezamiento o término LEMB
650 17 - PUNTO DE ACCESO ADICIONAL DE MATERIA--TÉRMINO DE MATERIA
Término de materia o nombre geográfico como elemento de entrada Mitología indígena
Fuente del encabezamiento o término LEMB
700 1# - ENTRADA AGREGADA--NOMBRE PERSONAL
Nombre de persona Boris, Greiff
Término indicativo de función/relación ilustrador
700 1# - ENTRADA AGREGADA--NOMBRE PERSONAL
Nombre de persona Silva Rincón, Gabriel
Término indicativo de función/relación Edición
942 ## - ELEMENTOS DE ENTRADA SECUNDARIOS (KOHA)
Fuente del sistema de clasificación o colocación Clasificación Decimal Dewey
Suprimir en OPAC No
Tipo de ítem Koha Libros
Holdings
Estatus retirado Estado de pérdida Fuente del sistema de clasificación o colocación Estado de daño No para préstamo Colección Biblioteca de origen Biblioteca actual Ubicación en estantería Fecha de adquisición Fuente de adquisición Total de préstamos Signatura topográfica completa Código de barras Visto por última vez Copia número Precio de reemplazo Tipo de ítem Koha
    Clasificación Decimal Dewey     General BIBLIOTECA SAN JOAQUIN BIBLIOTECA SAN JOAQUIN Colección general 15/03/2019 Donación Biblioteca Nacional   398.2098 B494t 63517 15/03/2026 Ej. 1 15/03/2026 Libros

Powered by Koha